Un magistrado modelo: el señor don Martín Prats Bello: ex-oficial del Ministerio de Hacienda, ex-Secretario de la Intendencia General del Ejército, ex-Juez Letrado de La Ligua, Osorn, Constitución y la Victoria, y actualmente Fiscal de la Ilustrísima Corte de Apelaciones de La Serena

Guardat en:
Dades bibliogràfiques
Autor principal: Huidobro Arlegui, Julio (Autor)
Format: Llibre
Idioma:espanyol
Publicat: Santiago Cervantes 1892
Edició:1a. ed
Matèries:
Etiquetes: Afegir etiqueta
Sense etiquetes, Sigues el primer a etiquetar aquest registre!

MARC

LEADER 00000nam a2200000 a 4500
001 UCR5151
003 CL-VaPUC
008 980320e18920000CL |||||||||||||||||spa|d
082 0 4 |a 347.03  |b HUI  |2 21 
100 0 |a Huidobro Arlegui, Julio  |e author  |9 405934 
245 1 3 |a Un magistrado modelo: el señor don Martín Prats Bello: ex-oficial del Ministerio de Hacienda, ex-Secretario de la Intendencia General del Ejército, ex-Juez Letrado de La Ligua, Osorn, Constitución y la Victoria, y actualmente Fiscal de la Ilustrísima Corte de Apelaciones de La Serena 
246 1 0 |a Cuestión transitoria valor de una sustitución ejemplar 
246 1 0 |a Escrito de duplica presentado por el procurador de don Francisco Arriagada i compartes en los autos promovidos por don Manuel Jesús Jiménez sobre mejor derecho a los bienes quedados por fallecimiento de don Miguel Pacífico Herrera 
246 1 3 |a El turno de las boticas ante la Corte de Apelaciones de Santiago 
246 1 0 |a Alegato por don Juan y don Benito Crestuzzo en la causa criminal que se les sigue por el incendio que consumió su bodega en la noche del 14 de marzo de 1894 
246 1 0 |a Esplicación del artículo 959 del Código Civil 
246 1 0 |a De las deducciones de la porción conyugal y de la manera de computarla 
246 1 0 |a Historia del derecho comercial y algunas consideraciones sobre contabilidad y correspondencia mercantiles 
246 1 0 |a Informe en derecho de la Compañía de Arauco, limitada en el juicio con la Sociedad Carbonífera de Curanilahue sobre resolución de un contrato 
250 |a 1a. ed 
300 |a 213 p 
942 |c BK 
945 |d 19980320 00:00:00  |a cmena 
260 |a Santiago  |b Cervantes  |c 1892 
600 0 7 |a CORTE DE APELACIONES DE CHILE  |2 CL-VaPUC  |9 405935 
600 0 7 |a PRATS BELLO, MARTIN  |2 CL-VaPUC  |9 405936 
650 0 |a Derecho procesal penal  |9 255496 
650 0 |a Poder judicial  |9 254871 
650 0 |a Magistrados  |9 328492 
650 0 |a Tribunales de justicia   |9 328494 
650 0 |a Derecho comercial   |9 256340 
650 0 |a Contratos  |9 255153 
651 7 |a CHILE  |2 CL-VaPUC  |9 405937 
583 |a last modification  |c 19980320 00:00:00  |k Rodrigo Vera 
999 |c 267875  |d 267873 
952 |0 0  |1 0  |4 0  |6 347_030000000000000_HUI_1892  |7 0  |8 X  |9 300647  |a BIBDER  |b BIBDER  |d 2019-11-20  |i 1960695  |o 347.03 HUI 1892  |p 1960695  |r 2023-01-25  |w 2019-11-20  |y BK_X  |k DER 
952 |0 0  |1 0  |4 0  |6 347_030000000000000_HUI_1892  |7 0  |8 X  |9 300648  |a FDOBUD  |b FDOBUD  |d 2019-11-20  |i 1069012  |o 347.03 HUI 1892  |p 1069012  |r 2019-11-20  |w 2019-11-20  |y BK_X  |k BUD